[Event "Turniej Blitza na II Lidze Juniorów 2018"]
[Site "Szczyrk, Poland"]
[Date "2018.07.26"]
[Round "5.2"]
[White "Jaroch, Karol"]
[Black "Marczak, Szymon"]
[Result "1-0"]
[TimeControl "3'+2\""]
[WhiteElo "2257"]
[BlackElo "1855"]

1. c4 {[%clk 00:03:03]} b6 {[%clk 00:03:03]} {[%emt 00:00:01]} 2. d4 {[%clk
00:03:04]} {[%emt 00:00:01]} Bb7 {[%clk 00:03:04]} 3. Nc3 {[%clk 00:03:05]}
{[%emt 00:00:02]} e6 {[%clk 00:03:05]} 4. f3 {[%clk 00:03:04]} {[%emt
00:00:02]} f5 {[%clk 00:03:05]} {[%emt 00:00:03]} 5. Bf4 {[%clk 00:03:04]}
{[%emt 00:00:03]} Bb4 {[%clk 00:03:04]} {[%emt 00:00:03]} 6. Qd2 {[%clk
00:03:04]} {[%emt 00:00:02]} Nf6 {[%clk 00:03:04]} {[%emt 00:00:01]} 7. Nh3
{[%clk 00:03:02]} {[%emt 00:00:04]} d6 {[%clk 00:03:01]} {[%emt 00:00:05]} 8.
e3 {[%clk 00:03:02]} {[%emt 00:00:02]} Nbd7 {[%clk 00:03:01]} {[%emt 00:00:02]}
9. Bd3 {[%clk 00:02:59]} {[%emt 00:00:05]} h6 {[%emt 00:00:02]} 10. Bg3 {[%clk
00:02:59]} O-O {[%clk 00:02:59]} {[%emt 00:00:05]} 11. a3 {[%clk 00:02:58]}
{[%emt 00:00:03]} Bxc3 {[%clk 00:03:00]} {[%emt 00:00:02]} 12. bxc3 {[%clk
00:02:58]} {[%emt 00:00:01]} Qe7 {[%clk 00:02:51]} {[%emt 00:00:11]} 13. O-O
{[%clk 00:02:58]} {[%emt 00:00:02]} Rac8 {[%clk 00:02:50]} {[%emt 00:00:03]} 14.
a4 {[%clk 00:02:57]} {[%emt 00:00:03]} a5 {[%clk 00:02:45]} {[%emt 00:00:07]}
15. Qa2 {[%clk 00:02:55]} {[%emt 00:00:05]} Ba6 {[%clk 00:02:39]} {[%emt
00:00:08]} 16. Rfd1 {[%clk 00:02:49]} {[%emt 00:00:07]} c5 {[%clk 00:02:20]}
{[%emt 00:00:22]} 17. Rab1 {[%clk 00:02:47]} {[%emt 00:00:03]} Nh5 {[%clk
00:02:12]} {[%emt 00:00:10]} 18. Bf2 {[%clk 00:02:44]} {[%emt 00:00:04]} g5
{[%clk 00:02:04]} {[%emt 00:00:12]} 19. Be2 {[%clk 00:02:43]} {[%emt 00:00:02]}
Nhf6 {[%clk 00:02:04]} {[%emt 00:00:02]} 20. Bg3 {[%clk 00:02:22]} {[%emt
00:00:23]} e5 {[%clk 00:02:04]} {[%emt 00:00:02]} 21. dxc5 {[%clk 00:02:09]}
{[%emt 00:00:15]} dxc5 {[%clk 00:01:59]} {[%emt 00:00:08]} 22. Qd2 {[%clk
00:02:05]} {[%emt 00:00:05]} f4 {[%clk 00:01:59]} {[%emt 00:00:02]} 23. Bf2
{[%clk 00:02:05]} {[%emt 00:00:01]} Qe6 {[%clk 00:01:55]} {[%emt 00:00:06]} 24.
exf4 {[%clk 00:02:05]} {[%emt 00:00:04]} exf4 {[%clk 00:01:53]} {[%emt
00:00:04]} 25. Bd3 {[%clk 00:02:02]} {[%emt 00:00:05]} Bxc4 {[%clk 00:01:47]}
{[%emt 00:00:08]} 26. Re1 {[%clk 00:01:53]} {[%emt 00:00:10]} Qf7 {[%clk
00:01:43]} {[%emt 00:00:06]} 27. Bf5 {[%clk 00:01:27]} {[%emt 00:00:28]} Rfe8
{[%clk 00:01:39]} {[%emt 00:00:06]} 28. g3 {[%clk 00:01:17]} {[%emt 00:00:13]}
fxg3 {[%clk 00:01:21]} {[%emt 00:00:19]} 29. hxg3 {[%clk 00:01:18]} {[%emt
00:00:01]} 1-0

[Event "Turniej Blitza na II Lidze Juniorów 2018"]
[Site "Szczyrk, Poland"]
[Date "2018.07.26"]
[Round "5.37"]
[White "Zalewska, Malgorzata"]
[Black "Oles, Martin"]
[Result "0-1"]
[TimeControl "3'+2\""]
[WhiteElo "1254"]
[BlackElo "1507"]

1. e4 {[%clk 00:03:03]} {[%emt 00:00:01]} g6 {[%clk 00:03:00]} {[%emt
00:00:05]} 2. d4 {[%clk 00:03:01]} {[%emt 00:00:04]} Bg7 {[%clk 00:03:01]}
{[%emt 00:00:01]} 3. Nc3 {[%clk 00:03:01]} {[%emt 00:00:01]} d6 {[%clk
00:03:02]} {[%emt 00:00:02]} 4. Bd3 {[%emt 00:00:03]} Nf6 {[%clk 00:03:02]} 5.
Nf3 {[%clk 00:03:01]} {[%emt 00:00:02]} O-O {[%clk 00:03:02]} {[%emt 00:00:02]}
6. O-O {[%clk 00:03:02]} {[%emt 00:00:01]} Nbd7 {[%clk 00:03:04]} 7. Be3 {[%clk
00:03:02]} {[%emt 00:00:02]} e5 {[%clk 00:03:04]} {[%emt 00:00:02]} 8. dxe5
{[%clk 00:03:02]} {[%emt 00:00:01]} Nxe5 {[%clk 00:03:04]} {[%emt 00:00:03]} 9.
Nxe5 {[%clk 00:03:02]} {[%emt 00:00:02]} dxe5 {[%clk 00:03:04]} {[%emt
00:00:01]} 10. Rb1 {[%clk 00:02:57]} {[%emt 00:00:07]} Be6 {[%clk 00:03:04]}
{[%emt 00:00:02]} 11. b3 {[%clk 00:02:57]} {[%emt 00:00:02]} Ng4 {[%clk
00:02:58]} {[%emt 00:00:08]} 12. Qf3 {[%clk 00:02:49]} {[%emt 00:00:10]} Nxe3
{[%clk 00:02:55]} {[%emt 00:00:05]} 13. Qxe3 {[%clk 00:02:50]} {[%emt
00:00:01]} f5 {[%clk 00:02:50]} {[%emt 00:00:08]} 14. exf5 {[%clk 00:02:49]}
{[%emt 00:00:03]} gxf5 {[%clk 00:02:51]} 15. Bc4 {[%clk 00:02:45]} {[%emt
00:00:06]} Bxc4 {[%clk 00:02:46]} {[%emt 00:00:07]} 16. bxc4 {[%clk 00:02:45]}
{[%emt 00:00:01]} b6 {[%clk 00:02:34]} {[%emt 00:00:14]} 17. Rfe1 {[%clk
00:02:31]} {[%emt 00:00:16]} c6 {[%clk 00:02:24]} {[%emt 00:00:12]} 18. Qf3
{[%clk 00:02:30]} {[%emt 00:00:03]} e4 {[%clk 00:02:23]} {[%emt 00:00:03]} 19.
Qf4 {[%clk 00:02:31]} {[%emt 00:00:01]} Bxc3 {[%clk 00:02:21]} {[%emt
00:00:04]} 20. Qg3+ {[%clk 00:02:30]} {[%emt 00:00:03]} Bg7 {[%clk 00:02:17]}
{[%emt 00:00:06]} 21. Rbd1 {[%clk 00:02:27]} {[%emt 00:00:05]} Qe7 {[%clk
00:02:11]} {[%emt 00:00:08]} 22. Rd2 {[%clk 00:02:25]} {[%emt 00:00:04]} Rad8
{[%clk 00:02:11]} {[%emt 00:00:02]} 23. Red1 {[%clk 00:02:25]} {[%emt
00:00:02]} Rxd2 {[%clk 00:02:07]} {[%emt 00:00:06]} 24. Rxd2 {[%clk 00:02:26]}
{[%emt 00:00:01]} Rd8 {[%clk 00:02:08]} {[%emt 00:00:01]} 25. Qf4 {[%clk
00:02:20]} {[%emt 00:00:08]} Rxd2 {[%clk 00:01:55]} {[%emt 00:00:15]} 26. Qxd2
{[%clk 00:02:21]} Be5 {[%clk 00:01:54]} {[%emt 00:00:02]} 27. g3 {[%clk
00:02:21]} {[%emt 00:00:03]} Qd6 {[%clk 00:01:18]} {[%emt 00:00:38]} 28. Qg5+
{[%clk 00:02:19]} {[%emt 00:00:03]} Kh8 {[%clk 00:01:09]} {[%emt 00:00:06]} 29.
Qxf5 {[%clk 00:02:19]} {[%emt 00:00:08]} Qd1+ {[%clk 00:01:06]} {[%emt
00:00:04]} 30. Kg2 {[%clk 00:02:20]} {[%emt 00:00:02]} Qf3+ {[%clk 00:01:07]}
{[%emt 00:00:01]} 31. Kg1 {[%clk 00:02:21]} {[%emt 00:00:01]} Qxf5 {[%clk
00:01:08]} {[%emt 00:00:02]} 0-1

[Event "Turniej Blitza na II Lidze Juniorów 2018"]
[Site "Szczyrk, Poland"]
[Date "2018.07.26"]
[Round "5.62"]
[White "Ziolo, Oliwia"]
[Black "Jaszczuk, Mateusz"]
[Result "1/2-1/2"]
[TimeControl "3'+2\""]
[WhiteElo "1095"]
[BlackElo "1351"]

1. e4 {[%clk 00:03:02]} {[%emt 00:00:02]} c5 {[%clk 00:03:03]} {[%emt
00:00:01]} 2. Nf3 {[%clk 00:03:03]} {[%emt 00:00:02]} Nc6 {[%clk 00:03:04]} 3.
d4 {[%clk 00:03:03]} {[%emt 00:00:01]} cxd4 {[%clk 00:03:04]} {[%emt 00:00:02]}
4. Nxd4 {[%clk 00:03:04]} {[%emt 00:00:01]} a6 {[%clk 00:03:05]} 5. Be2 {[%clk
00:03:04]} {[%emt 00:00:03]} e5 {[%clk 00:03:05]} {[%emt 00:00:02]} 6. Nb3
{[%clk 00:03:04]} {[%emt 00:00:02]} d6 {[%clk 00:03:05]} {[%emt 00:00:01]} 7.
O-O {[%clk 00:03:05]} {[%emt 00:00:02]} Nf6 {[%clk 00:03:07]} {[%emt 00:00:01]}
8. Nc3 {[%clk 00:03:06]} Be7 {[%clk 00:03:05]} {[%emt 00:00:03]} 9. Bg5 {[%clk
00:03:07]} {[%emt 00:00:02]} O-O {[%clk 00:03:05]} {[%emt 00:00:02]} 10. f4
{[%clk 00:03:08]} {[%emt 00:00:01]} h6 {[%clk 00:03:03]} {[%emt 00:00:05]} 11.
Bh4 {[%clk 00:03:07]} {[%emt 00:00:02]} b5 {[%clk 00:02:50]} {[%emt 00:00:14]}
12. a3 {[%clk 00:03:04]} {[%emt 00:00:06]} Bb7 {[%clk 00:02:51]} {[%emt
00:00:01]} 13. Bd3 {[%clk 00:02:52]} {[%emt 00:00:14]} Rc8 {[%clk 00:02:42]}
{[%emt 00:00:10]} 14. Bxf6 {[%clk 00:02:43]} {[%emt 00:00:12]} Bxf6 {[%clk
00:02:43]} {[%emt 00:00:01]} 15. Nd5 {[%clk 00:02:43]} {[%emt 00:00:01]} Be7
{[%clk 00:02:09]} {[%emt 00:00:36]} 16. Nxe7+ {[%clk 00:02:39]} {[%emt
00:00:07]} Qxe7 {[%clk 00:02:10]} {[%emt 00:00:01]} 17. Qg4 {[%clk 00:02:30]}
{[%emt 00:00:11]} Rcd8 {[%clk 00:01:50]} {[%emt 00:00:22]} 18. Rf3 {[%clk
00:02:21]} {[%emt 00:00:11]} exf4 {[%clk 00:01:50]} {[%emt 00:00:02]} 19. Qxf4
{[%clk 00:02:17]} {[%emt 00:00:05]} Ne5 {[%clk 00:01:51]} {[%emt 00:00:02]} 20.
Rg3 {[%clk 00:02:11]} {[%emt 00:00:07]} Nxd3 {[%clk 00:01:20]} {[%emt
00:00:34]} 21. cxd3 {[%clk 00:02:11]} {[%emt 00:00:02]} Qe6 {[%clk 00:01:17]}
{[%emt 00:00:05]} 22. Nd4 {[%clk 00:02:10]} {[%emt 00:00:03]} Qe5 {[%clk
00:01:12]} {[%emt 00:00:08]} 23. Qf2 {[%clk 00:01:57]} {[%emt 00:00:13]} d5
{[%clk 00:01:09]} {[%emt 00:00:05]} 24. Nf3 {[%clk 00:01:48]} {[%emt 00:00:12]}
Qf4 {[%clk 00:00:52]} {[%emt 00:00:16]} 25. exd5 {[%clk 00:01:41]} {[%emt
00:00:11]} Rxd5 {[%clk 00:00:49]} {[%emt 00:00:05]} 26. Rd1 {[%clk 00:01:37]}
{[%emt 00:00:06]} Rfd8 {[%clk 00:00:49]} {[%emt 00:00:02]} 27. d4 {[%clk
00:01:31]} {[%emt 00:00:10]} Rf5 {[%clk 00:00:39]} {[%emt 00:00:11]} 28. h3
{[%clk 00:01:11]} {[%emt 00:00:23]} Qc7 {[%clk 00:00:39]} {[%emt 00:00:02]} 29.
Qe1 {[%clk 00:00:51]} {[%emt 00:00:22]} Bxf3 {[%clk 00:00:32]} {[%emt
00:00:09]} 30. Rxf3 {[%clk 00:00:49]} {[%emt 00:00:04]} Rxf3 {[%clk 00:00:32]}
{[%emt 00:00:02]} 31. gxf3 {[%clk 00:00:49]} {[%emt 00:00:02]} Qf4 {[%clk
00:00:30]} {[%emt 00:00:04]} 32. Qf2 {[%clk 00:00:48]} {[%emt 00:00:02]} g5
{[%clk 00:00:26]} {[%emt 00:00:06]} 33. b4 {[%clk 00:00:47]} {[%emt 00:00:04]}
Rd5 {[%clk 00:00:25]} {[%emt 00:00:02]} 34. Rd2 {[%clk 00:00:41]} {[%emt
00:00:08]} h5 {[%clk 00:00:23]} {[%emt 00:00:05]} 35. Rd1 {[%clk 00:00:41]}
{[%emt 00:00:02]} Kg7 {[%clk 00:00:19]} {[%emt 00:00:05]} 36. Kg2 {[%clk
00:00:41]} {[%emt 00:00:02]} f5 {[%clk 00:00:20]} 37. Rd2 {[%clk 00:00:37]}
{[%emt 00:00:06]} g4 {[%clk 00:00:21]} {[%emt 00:00:02]} 38. hxg4 {[%clk
00:00:36]} {[%emt 00:00:02]} fxg4 {[%clk 00:00:22]} {[%emt 00:00:01]} 39. fxg4
{[%clk 00:00:36]} {[%emt 00:00:03]} Qxf2+ {[%clk 00:00:22]} {[%emt 00:00:02]}
40. Kxf2 {[%clk 00:00:36]} hxg4 {[%clk 00:00:23]} {[%emt 00:00:01]} 41. Kg3
{[%clk 00:00:37]} {[%emt 00:00:01]} Rg5 {[%clk 00:00:22]} {[%emt 00:00:03]} 42.
d5 {[%clk 00:00:38]} {[%emt 00:00:02]} Kf7 {[%clk 00:00:17]} {[%emt 00:00:07]}
43. d6 {[%clk 00:00:39]} Ke8 {[%clk 00:00:18]} {[%emt 00:00:01]} 44. Rd4 {[%clk
00:00:36]} {[%emt 00:00:05]} Kd7 {[%clk 00:00:16]} {[%emt 00:00:03]} 45. Rxg4
{[%clk 00:00:16]} {[%emt 00:00:22]} Rxg4+ {[%clk 00:00:17]} {[%emt 00:00:01]}
46. Kxg4 {[%clk 00:00:17]} {[%emt 00:00:01]} Kxd6 {[%clk 00:00:18]} 47. Kf3
{[%clk 00:00:18]} {[%emt 00:00:02]} Ke7 {[%clk 00:00:13]} {[%emt 00:00:06]} 48.
Ke4 {[%clk 00:00:19]} {[%emt 00:00:02]} Ke6 {[%clk 00:00:15]} 49. Kd4 {[%clk
00:00:20]} Kd6 {[%clk 00:00:16]} 50. Ke4 {[%clk 00:00:20]} {[%emt 00:00:03]}
Ke6 1/2-1/2

[Event "Turniej Blitza na II Lidze Juniorów 2018"]
[Site "Szczyrk, Poland"]
[Date "2018.07.26"]
[Round "5.57"]
[White "Mirowska, Oliwia"]
[Black "Sulima, Franciszek"]
[Result "1-0"]
[TimeControl "3'+2\""]
[WhiteElo "1297"]
[BlackElo "1176"]

1. f4 {[%clk 00:03:02]} {[%emt 00:00:02]} d5 {[%clk 00:02:59]} {[%emt
00:00:05]} 2. Nf3 {[%clk 00:03:03]} e6 {[%clk 00:02:58]} {[%emt 00:00:03]} 3.
g3 {[%clk 00:03:04]} {[%emt 00:00:02]} c5 {[%clk 00:02:58]} {[%emt 00:00:01]} 4.
Bg2 {[%clk 00:03:04]} {[%emt 00:00:01]} Nc6 {[%clk 00:02:59]} {[%emt 00:00:02]}
5. d3 {[%clk 00:03:05]} {[%emt 00:00:01]} Bd6 {[%clk 00:03:00]} {[%emt
00:00:01]} 6. O-O {[%clk 00:03:05]} {[%emt 00:00:02]} Nf6 {[%clk 00:02:58]}
{[%emt 00:00:04]} 7. c3 {[%clk 00:03:06]} {[%emt 00:00:01]} O-O {[%clk
00:02:59]} {[%emt 00:00:02]} 8. Na3 {[%clk 00:03:06]} Bd7 {[%clk 00:02:53]}
{[%emt 00:00:08]} 9. Nc2 {[%clk 00:03:07]} {[%emt 00:00:01]} a6 {[%clk
00:02:52]} {[%emt 00:00:04]} 10. Qe1 {[%clk 00:03:08]} {[%emt 00:00:01]} Rc8
{[%clk 00:02:52]} {[%emt 00:00:01]} 11. e4 {[%clk 00:03:07]} {[%emt 00:00:03]}
Bb8 {[%clk 00:02:48]} {[%emt 00:00:06]} 12. Nh4 {[%clk 00:03:01]} {[%emt
00:00:08]} Qb6 {[%clk 00:02:40]} {[%emt 00:00:11]} 13. Kh1 {[%clk 00:02:59]}
{[%emt 00:00:03]} dxe4 {[%clk 00:02:32]} {[%emt 00:00:10]} 14. dxe4 {[%clk
00:03:00]} {[%emt 00:00:01]} Ne7 {[%clk 00:02:30]} {[%emt 00:00:03]} 15. f5
{[%clk 00:02:54]} {[%emt 00:00:08]} exf5 {[%clk 00:02:25]} {[%emt 00:00:08]} 16.
exf5 {[%clk 00:02:54]} {[%emt 00:00:02]} Rfe8 {[%clk 00:02:24]} {[%emt
00:00:03]} 17. Qf2 {[%clk 00:02:54]} {[%emt 00:00:02]} Bc6 {[%clk 00:02:23]}
{[%emt 00:00:03]} 18. Bg5 {[%clk 00:02:45]} {[%emt 00:00:10]} Ne4 {[%clk
00:02:13]} {[%emt 00:00:12]} 19. Bxe4 {[%clk 00:02:42]} {[%emt 00:00:06]} Bxe4+
{[%clk 00:02:14]} {[%emt 00:00:01]} 20. Kg1 {[%clk 00:02:42]} {[%emt 00:00:02]}
Bxc2 {[%clk 00:02:11]} {[%emt 00:00:04]} 21. Qxc2 {[%clk 00:02:41]} {[%emt
00:00:03]} c4+ {[%clk 00:02:09]} {[%emt 00:00:05]} 22. Kh1 {[%clk 00:02:41]}
{[%emt 00:00:01]} Qc5 {[%clk 00:02:02]} {[%emt 00:00:10]} 23. Bxe7 {[%clk
00:02:33]} {[%emt 00:00:10]} Rxe7 {[%clk 00:02:01]} {[%emt 00:00:02]} 24. f6
{[%clk 00:02:32]} {[%emt 00:00:03]} Ree8 {[%clk 00:01:58]} {[%emt 00:00:05]} 25.
fxg7 {[%clk 00:02:31]} {[%emt 00:00:04]} Qd5+ {[%clk 00:01:58]} {[%emt
00:00:02]} 26. Ng2 {[%clk 00:02:29]} {[%emt 00:00:04]} Qe4 {[%clk 00:01:52]}
{[%emt 00:00:08]} 27. Qf2 {[%clk 00:02:26]} {[%emt 00:00:05]} Qe6 {[%clk
00:01:32]} {[%emt 00:00:21]} 28. Rae1 {[%clk 00:02:24]} {[%emt 00:00:04]} Qd7
{[%clk 00:01:33]} {[%emt 00:00:02]} 29. Rd1 {[%clk 00:02:12]} {[%emt 00:00:14]}
Qe7 {[%clk 00:01:30]} {[%emt 00:00:04]} 30. Qf5 {[%clk 00:02:06]} {[%emt
00:00:08]} Rcd8 {[%clk 00:01:20]} {[%emt 00:00:12]} 31. Rde1 {[%clk 00:02:06]}
{[%emt 00:00:02]} Qc7 {[%clk 00:01:17]} {[%emt 00:00:05]} 32. Re4 {[%clk
00:01:57]} {[%emt 00:00:12]} Rxe4 {[%clk 00:01:08]} {[%emt 00:00:11]} 33. Qxe4
{[%clk 00:01:57]} {[%emt 00:00:01]} Qd7 {[%clk 00:01:06]} {[%emt 00:00:04]} 34.
Qf3 {[%clk 00:01:52]} {[%emt 00:00:08]} Ba7 {[%clk 00:01:05]} {[%emt 00:00:04]}
35. Nf4 {[%clk 00:01:48]} {[%emt 00:00:06]} Qd2 {[%clk 00:01:00]} {[%emt
00:00:06]} 36. Nh5 {[%clk 00:01:36]} {[%emt 00:00:14]} Qxb2 {[%clk 00:00:45]}
{[%emt 00:00:18]} 37. Qxf7# {[%emt 00:00:03]} 1-0

[Event "Turniej Blitza na II Lidze Juniorów 2018"]
[Site "Szczyrk, Poland"]
[Date "2018.07.26"]
[Round "5.58"]
[White "Franc, Piotr"]
[Black "Guzik, Michal"]
[Result "*"]
[TimeControl "3'+2\""]
[WhiteElo "1135"]
[BlackElo "1292"]

1. e4 {[%clk 00:03:02]} {[%emt 00:01:54]} c5 {[%clk 00:03:04]} {[%emt
00:00:01]} 2. Nf3 {[%clk 00:03:03]} {[%emt 00:00:01]} Nc6 {[%clk 00:03:05]} 3.
d4 {[%clk 00:03:04]} cxd4 4. Nxd4 d6 {[%emt 00:00:03]} 5. Nc3 {[%clk 00:03:05]}
{[%emt 00:00:02]} Nf6 {[%clk 00:03:01]} {[%emt 00:00:06]} 6. Be3 {[%clk
00:03:03]} {[%emt 00:00:04]} g6 {[%clk 00:03:00]} {[%emt 00:00:04]} 7. Qd2
{[%clk 00:02:56]} {[%emt 00:00:08]} Bg7 {[%clk 00:03:01]} 8. O-O-O {[%clk
00:02:54]} {[%emt 00:00:05]} O-O {[%clk 00:03:02]} {[%emt 00:00:01]} 9. f3
{[%clk 00:02:55]} {[%emt 00:00:02]} Bd7 {[%emt 00:00:02]} 10. g4 {[%emt
00:00:02]} Rc8 11. h4 {[%emt 00:00:02]} Ne5 {[%clk 00:03:01]} {[%emt 00:00:03]}
12. g5 {[%clk 00:02:38]} {[%emt 00:00:19]} Nh5 13. f4 {[%emt 00:00:02]} Nc4
{[%emt 00:00:03]} 14. Bxc4 {[%emt 00:00:03]} Rxc4 {[%clk 00:03:01]} 15. b3
{[%clk 00:02:37]} {[%emt 00:00:03]} Rc8 {[%clk 00:02:57]} {[%emt 00:00:05]} 16.
f5 {[%emt 00:00:17]} Qa5 17. Na4 {[%clk 00:02:09]} {[%emt 00:00:16]} Qxd2+
{[%clk 00:02:46]} {[%emt 00:00:13]} 18. Rxd2 {[%clk 00:02:07]} {[%emt
00:00:05]} Bxa4 {[%emt 00:00:01]} 19. bxa4 Rc3 {[%clk 00:02:48]} 20. Rd3 {[%clk
00:01:59]} {[%emt 00:00:11]} Rxd3 {[%clk 00:02:46]} {[%emt 00:00:04]} 21. cxd3
{[%clk 00:01:59]} {[%emt 00:00:02]} Ng3 {[%clk 00:02:42]} {[%emt 00:00:06]} 22.
Rg1 {[%emt 00:00:05]} Bxd4 {[%emt 00:00:02]} 23. Rxg3 {[%emt 00:00:02]} Bxe3+
{[%emt 00:00:01]} 24. Rxe3 {[%clk 00:01:57]} Rc8+ {[%clk 00:02:42]} {[%emt
00:00:03]} 25. Kd2 {[%clk 00:01:58]} Kg7 {[%clk 00:02:41]} {[%emt 00:00:03]} 26.
e5 {[%clk 00:01:59]} {[%emt 00:00:02]} dxe5 {[%clk 00:02:41]} {[%emt 00:00:01]}
27. Rxe5 {[%emt 00:00:10]} Rc7 28. fxg6 {[%clk 00:01:50]} {[%emt 00:00:04]}
hxg6 {[%clk 00:02:41]} {[%emt 00:00:03]} 29. Ra5 {[%clk 00:01:33]} {[%emt
00:00:18]} a6 {[%clk 00:02:43]} {[%emt 00:00:01]} 30. Re5 {[%emt 00:00:04]} f6
{[%emt 00:00:01]} 31. gxf6+ {[%emt 00:00:03]} exf6 {[%emt 00:00:01]} 32. Re3
{[%clk 00:01:28]} {[%emt 00:00:04]} f5 {[%clk 00:02:45]} {[%emt 00:00:02]} 33.
Rg3 {[%emt 00:00:08]} Kf6 {[%emt 00:00:01]} 34. Re3 {[%emt 00:00:08]} Rh7
{[%emt 00:00:01]} 35. Rh3 {[%clk 00:01:16]} {[%emt 00:00:02]} f4 {[%clk
00:02:42]} {[%emt 00:00:07]} 36. Ke2 {[%emt 00:00:04]} Kf5 37. Kf3 {[%clk
00:01:14]} {[%emt 00:00:02]} g5 {[%clk 00:02:44]} {[%emt 00:00:02]} 38. Kg2
{[%clk 00:01:08]} {[%emt 00:00:08]} Rxh4 {[%clk 00:02:44]} {[%emt 00:00:03]} 39.
Rf3 {[%clk 00:01:05]} {[%emt 00:00:05]} g4 {[%clk 00:02:44]} {[%emt 00:00:01]}
40. Rf1 f3+ 41. Kg3 {[%clk 00:01:08]} Rh3+ {[%clk 00:02:45]} 42. Kf2 {[%emt
00:00:13]} Kf4 {[%emt 00:00:02]} 43. Kg1 {[%emt 00:00:03]} g3 {[%emt 00:00:02]}
44. d4 {[%emt 00:00:05]} f2+ 45. Kg2 Rh2# *

[Event "Turniej Blitza na II Lidze Juniorów 2018"]
[Site "Szczyrk, Poland"]
[Date "2018.07.26"]
[Round "5.45"]
[White "Burdzicki, Stanislaw"]
[Black "Dahche, Abdel-Azziz"]
[Result "1-0"]
[TimeControl "3'+2\""]
[WhiteElo "1384"]
[BlackElo "1222"]

1. d4 {[%clk 00:03:03]} d6 {[%clk 00:03:01]} {[%emt 00:00:04]} 2. c4 {[%clk
00:03:04]} {[%emt 00:00:01]} Nf6 {[%clk 00:03:02]} {[%emt 00:00:01]} 3. Nc3
{[%clk 00:03:05]} {[%emt 00:00:01]} Nbd7 {[%clk 00:03:03]} 4. e4 {[%clk
00:03:04]} {[%emt 00:00:03]} e5 {[%clk 00:03:04]} 5. Be3 {[%clk 00:02:58]}
{[%emt 00:00:09]} Be7 {[%clk 00:03:04]} {[%emt 00:00:02]} 6. f3 {[%clk
00:02:58]} {[%emt 00:00:02]} O-O {[%clk 00:03:04]} {[%emt 00:00:01]} 7. Nge2
{[%clk 00:02:58]} {[%emt 00:00:02]} c6 {[%clk 00:03:03]} {[%emt 00:00:04]} 8.
Qd2 {[%clk 00:02:58]} {[%emt 00:00:02]} Qc7 {[%clk 00:03:03]} {[%emt 00:00:02]}
9. d5 {[%clk 00:02:53]} {[%emt 00:00:07]} a5 {[%clk 00:02:59]} {[%emt
00:00:07]} 10. Nc1 {[%clk 00:02:52]} {[%emt 00:00:02]} Nc5 {[%clk 00:02:54]}
{[%emt 00:00:07]} 11. Nd3 {[%clk 00:02:43]} {[%emt 00:00:10]} b6 {[%clk
00:02:51]} {[%emt 00:00:05]} 12. Be2 {[%clk 00:02:37]} {[%emt 00:00:08]} Bb7
{[%clk 00:02:52]} {[%emt 00:00:02]} 13. O-O {[%clk 00:02:34]} {[%emt 00:00:04]}
Nfd7 {[%clk 00:02:50]} {[%emt 00:00:04]} 14. f4 {[%clk 00:02:32]} {[%emt
00:00:05]} f5 {[%clk 00:02:23]} {[%emt 00:00:29]} 15. Nxc5 {[%clk 00:02:19]}
{[%emt 00:00:14]} bxc5 {[%clk 00:02:20]} {[%emt 00:00:06]} 16. exf5 {[%clk
00:02:18]} {[%emt 00:00:02]} Rxf5 {[%clk 00:02:07]} {[%emt 00:00:15]} 17. Bd3
{[%clk 00:02:13]} {[%emt 00:00:08]} Rf6 {[%clk 00:01:43]} {[%emt 00:00:26]} 18.
fxe5 {[%clk 00:02:07]} {[%emt 00:00:08]} Rxf1+ {[%clk 00:01:44]} {[%emt
00:00:01]} 19. Rxf1 {[%clk 00:02:07]} {[%emt 00:00:02]} Nxe5 {[%clk 00:01:44]}
{[%emt 00:00:01]} 20. Qc2 {[%clk 00:01:46]} {[%emt 00:00:23]} Nxd3 {[%clk
00:01:18]} {[%emt 00:00:28]} 21. Qxd3 {[%clk 00:01:46]} {[%emt 00:00:03]} Ba6
{[%clk 00:01:05]} {[%emt 00:00:15]} 22. b3 {[%clk 00:01:32]} {[%emt 00:00:16]}
Bf6 {[%clk 00:00:56]} {[%emt 00:00:11]} 23. dxc6 {[%clk 00:01:18]} {[%emt
00:00:16]} Qxc6 {[%clk 00:00:58]} 24. Qd5+ {[%clk 00:01:19]} Qxd5 {[%clk
00:00:44]} {[%emt 00:00:16]} 25. Nxd5 {[%clk 00:01:20]} {[%emt 00:00:02]} Bd8
{[%clk 00:00:25]} {[%emt 00:00:20]} 26. Bf4 {[%clk 00:01:14]} {[%emt 00:00:07]}
Bb7 {[%clk 00:00:13]} {[%emt 00:00:15]} 27. Bxd6 {[%clk 00:01:13]} {[%emt
00:00:03]} h6 {[%clk 00:00:08]} {[%emt 00:00:06]} 28. Rf8+ {[%clk 00:01:09]}
{[%emt 00:00:06]} Kh7 {[%clk 00:00:10]} 29. Kf1 {[%clk 00:00:52]} {[%emt
00:00:19]} Bxd5 {[%clk 00:00:06]} {[%emt 00:00:06]} 30. cxd5 {[%clk 00:00:52]}
{[%emt 00:00:01]} Rc8 {[%clk 00:00:07]} {[%emt 00:00:02]} 31. Be7 {[%clk
00:00:52]} {[%emt 00:00:02]} Bxe7 {[%clk 00:03:02]} {[%emt 00:00:07]} 1-0